Větrání a klimatizace /
Guardado en:
| Autores principales: | , |
|---|---|
| Formato: | Libro |
| Lenguaje: | checo |
| Publicado: |
Praha :
SNTL,
1971
|
| Colección: | Technický průvodce
sv.31 |
| Materias: | |
| Etiquetas: |
Sin Etiquetas, Sea el primero en etiquetar este registro!
|
MARC
| LEADER | 00000nam a22000003a 4500 | ||
|---|---|---|---|
| 001 | stu29713 | ||
| 005 | 20150617225737.6 | ||
| 008 | 950629s1971----cs------------------cze-d | ||
| 040 | |a STU |b slo | ||
| 041 | 0 | |a cze | |
| 044 | |a cs | ||
| 080 | |a 697.9 | ||
| 100 | 1 | |a Chyský, Jaroslav |4 aut | |
| 245 | 1 | |a Větrání a klimatizace / |c [aut]Chyský,Jaroslav;Oppl,Ladislav a kol | |
| 260 | |a Praha : |b SNTL, |c 1971 | ||
| 300 | |a 561 s | ||
| 650 | 7 | |a vetranie |2 stusub | |
| 650 | 7 | |a klimatizácia |2 stusub | |
| 700 | 1 | |a Oppl, Ladislav |4 aut | |
| 830 | 0 | |a Technický průvodce |v sv.31 | |
| 996 | |b 284J015978 |c J*26103 |l JJSK |s A |a 24 |w stu29713_0001 | ||
| 996 | |b 284J015977 |c J*26102 |l JJSK |s A |a 24 |w stu29713_0002 | ||
| 996 | |b 284V008238 |c V*43514/O-18892 |l VVS |s A |a 24 |w stu29713_0003 | ||